Desarrollo económico, proceso de urbanización y funciones metropolitanas en Centroamérica [Versión preliminar]
Gespeichert in:
| Körperschaft: | |
|---|---|
| Format: | Text |
| Sprache: | Spanish |
| Veröffentlicht: |
San José:
CSUCA
|
| Tags: |
Tag hinzufügen
Keine Tags, Fügen Sie den ersten Tag hinzu!
|
MARC
| LEADER | 00000 a a2200000 04500 | ||
|---|---|---|---|
| 001 | 17419 | ||
| 003 | cru CRAI/IIS | ||
| 005 | 20210505150055.0 | ||
| 008 | 210505b |||||||| |||| 00| 0 spa d | ||
| 040 | |c cru CRAI/IIS | ||
| 090 | |a 00718.00 | ||
| 110 | |a Confederación Universitaria Centroamericana. Programa Centroamericano de Ciencias Sociales | ||
| 245 | 1 | |a Desarrollo económico, proceso de urbanización y funciones metropolitanas en Centroamérica [Versión preliminar] | |
| 260 | |a San José: |b CSUCA | ||
| 300 | |a 24 p. | ||
| 500 | |a Colección Centroamérica | ||
| 942 | |2 ddc |c LI | ||
| 999 | |c 14932 |d 14932 | ||
